| Поле | Инд. | ПП | Название | Значение |
|---|---|---|---|---|
| Тип записи | a | |||
| Библиографический уровень | b | |||
| 001 | Контрольный номер | RU/IS/BASE/465400527 | ||
| 005 | Дата корректировки | 20200630193142.4 | ||
| 008 | Кодируемые данные | 20140930 | ||
| 040 | b | Код языка каталог. | rus | |
| e | Правила каталог. | PSBO | ||
| 041 | 0_ | a | Код языка текста | rus |
| 084 | a | Индекс другой классификации/Индекс ББК | 87.78; 87.752 | |
| 100 | 1_ | a | Автор | Житкевич А. В. |
| q | Полное имя | Житкевич Александр Викторович | ||
| 245 | 10 | a | Заглавие | Современный профессиональный этикет: сущность, содержание, современные концепты |
| 504 | a | Библиография | Библиогр. ссылки | |
| 520 | 0_ | a | Аннотация | В статье рассматривается роль этикета в социуме и его взаимосвязь с этикой. Автором выделены составляющие элементы этикета и предложена классификация видов этикета. Особое внимание уделено вопросу профессионального этикета, его соответствия общепринятой морали социума |
| 650 | a | Основная рубрика | прикладная этика | |
| a | Основная рубрика | философские науки | ||
| a | Основная рубрика | этика | ||
| a | Основная рубрика | этикет | ||
| 653 | a | Ключевые слова | культура поведения | |
| a | Ключевые слова | профессиональная этика | ||
| a | Ключевые слова | профессиональный этикет | ||
| 773 | 08 | t | Заглавие источника | Социально-гуманитарные знания |
| d | Дата издания источника | 2014 | ||
| g | Прочая информация | № 3. - С. 320 - 325 | ||
| w | Контрольный № источника | RU/IS/BASE/457543916 | ||
| 901 | t | Тип документа | b |